000 00636nam a2200253Ia 4500
005 20260121154855.0
008 008 260114s9999 xx 000 0 eng d
020 _a9780429275180
037 _aEBOOK
040 _aCRL
040 _beng
040 _cCRL
041 _2eng
041 _aeng
084 _qCRL
100 _a Melissa Ridley Elmes; Kristin Bovaird-Abbo
_91012573
245 0 _aFood and Feast in Premodern Outlaw Tales
260 _bTaylor and Francis
260 _c2021
856 _uhttp://www.taylorfrancis.com/books/9780429275180
942 _cEBOOK
999 _c1579392
_d1579392